Rozpracovanie "Programového vyhlásenia vlády Slovenskej republiky (august 2006) - lesné hospodárstvo"

Bibliographic Details
Format: Book
Language:Slovak
PhysicalDescription:44 s. tab. 21 cm
Published: Zvolen Národné lesnícke centrum 2007
ISBN:9788080930110 (brož.)
Edition:1. vyd.
Subjects:

MARC

LEADER 00000nam a2200000 a 4500
001 vtls008951845
003 SK-MaSNL
005 20260426005045.0
008 160208s2007 xo l g 000 0 slo
015 |a SNBA2007/06-02443 
020 |a 9788080930110 (brož.) 
035 |a 5A3F9572-1205-496A-B465-C92B02CDB5EE 
035 |a urn:nbn:sk:snk-amk7ai 
035 |a urn:nbn:sk:snk-am008ji0 
040 |a SNK  |b slo  |c SNK  |e AACR2 
041 0 |a slo 
043 |a e-xo--- 
044 |a xo  |c SK 
072 7 |a 630  |x Lesníctvo  |2 konspekt 
080 |a 630  |2 2001 
080 |a (437.6)  |2 2001 
080 |a (047)  |2 2001 
245 0 0 |a Rozpracovanie "Programového vyhlásenia vlády Slovenskej republiky (august 2006) - lesné hospodárstvo" 
250 |a 1. vyd. 
260 |a Zvolen  |b Národné lesnícke centrum  |c 2007 
300 |a 44 s.  |b tab.  |c 21 cm 
366 |e 80 výtl. Nepredajné 
650 0 7 |a lesné hospodárstvo  |2 SNKPH  |9 1256 
651 7 |a Slovensko  |2 SNKPH  |9 14231 
655 7 |a správy  |2 SNKPH  |9 70563 
919 |a 978-80-8093-011-0 
958 |a OND 
968 |d 63 
999 |c 998430  |d 1000360 
952 |a SNK  |b SNK  |y PREZ  |7 0  |p 17A0543514  |o snkSC 126958  |i snk2007/6009  |8 0  |0 0  |1 0  |4 0  |d 2007-03-05  |f 1  |l 0  |r 2025-06-16 00:00:00  |w 2026-02-24 
952 |a SNK  |b SNK  |y VYP  |7 0  |p 17A0543515  |o snkSC 126958 D1  |i snk2007/6010  |8 0  |0 0  |1 0  |4 0  |d 2007-03-05  |l 0  |r 2026-02-24 12:10:35  |w 2026-02-24